000 00921nam a22002537a 4500
005 20240530110533.0
008 160326s2013 ua o g 000 0aara d
017 _a2012/19970
_bمصر . دار الكتب المصرية
020 _a9789770931837
040 _aEG-CaGPL
082 0 4 _221
_a923.3\
_bى م
100 0 _aيوسف ندا .
245 1 0 _aمن داخل الاخوان المسلمين /
_cيوسف ندا مع دوجلاس تومسون .
250 _aط2.
260 _aالقاهرة :
_bدار الشروق ،
_c2013 .
300 _a382 ص :
_bصور لو ؛
_c24 سم .
600 0 4 _aيوسف ندا
_vمذكرات .
600 0 4 _aيوسف ندا
_vصور .
650 0 4 _aالاخوان المسلمون .
650 0 4 _aالجماعات الاسلامية .
700 0 _aدوجلاس تومسون
_eمؤلف مشارك .
942 _2ddc
_cBK
999 _c62141
_d62141